000 00339nam a22001217a 4500
008 170302b xxu||||| |||| 00| 0 eng d
050 _aJX1977.A1 U564(1965 vol. 2)
245 _aUN monthly chronicle. /
260 _aNew York,
_bUnited Nations;
_c1965
300 _axxx11,120p+various pagings.
_c23.5cm.
440 _vvol.2
942 _2lcc
_cBK
999 _c6295
_d13795